| 000 | 00758nam a22002657a 4500 | ||
|---|---|---|---|
| 003 | OSt | ||
| 005 | 20150525101331.0 | ||
| 008 | 130129t xxu||||| |||| 00| 0 eng d | ||
| 020 | _a9716856958 | ||
| 050 |
_aLB1050.5 _b.V718 2008 |
||
| 082 |
_aFIL 428.4 _b V71 2008 |
||
| 100 | _aVIllanueva, Aida S. | ||
| 245 |
_aDevelopmental Reading 1 / _cAida S. Villanueva, Rogelio L. Delos Santos. |
||
| 260 |
_aQuezon City : _bLorimar Publishing, _c2008. |
||
| 300 |
_avi, 153 pages : _billustrations ; _c25 cm. |
||
| 500 | _aIncludes bibliographical references. | ||
| 526 | _c1210L-1700L | ||
| 562 | _e3 | ||
| 650 | _aReading. | ||
| 700 | _aDelos Santos, Rogelio L. | ||
| 942 |
_2lcc _cBK _kLOC |
||
| 999 |
_c284347 _d284347 |
||